| 000 | 00402cam a2200157ua 4500 | ||
|---|---|---|---|
| 041 |
_aeng _h |
||
| 082 |
_a625.1 _bDES/TE |
||
| 100 | _aDeshpande, R S . | ||
| 245 |
_aText book of railway engineering / _cR S Deshpande. _hTextual Documents |
||
| 260 |
_aPoona : _bUnited Book Corporation , _c1962. |
||
| 300 | _a304 ; . | ||
| 504 | _a | ||
| 942 | _cBK | ||
| 999 |
_c10738 _d10738 |
||